| 000 | 00604nam a2200193Ia 4500 | ||
|---|---|---|---|
| 003 | GCL | ||
| 008 | 140319s9999 xx 000 0 ara d | ||
| 040 |
_aGCL / _cGCL |
||
| 082 | 0 | 4 |
_a895.6 _bي ا |
| 100 | 1 | _aيوكيو ميشيما | |
| 245 | 1 | 0 |
_aاعترافات قناع / _cيوكيو ميشيما |
| 700 | 1 | _aاسامة الغزولى | |
| 260 |
_aبيروت : _bدار التنوير للطباعة والنشر ، _c1983 |
||
| 300 |
_a170 ص ؛ _c18 سم |
||
| 490 | _a | ||
| 650 | 0 | 4 | _aالادب اليابانى |
| 650 | 0 | 4 | _aالادب اليابانى المترجم |
| 942 |
_2ddc _cBK |
||
| 999 |
_c32935 _d32935 |
||